000 00477nam a22001457a 4500
008 140218b xxu||||| |||| 00| 0 eng d
020 _a9780797493834
050 _aBT613.N338 2010
100 _aNcube, Mabuza
_98703
245 _aMary mother and hope of Africa
_bencouraging Marian Devotion in Africa /
_cFr Raphael Mabuiza Ncube
260 _aPlumtree
_bIIizwi Publications
_c2010
300 _a256p.
_c25cm.
650 _aMary Blessed Virgin
_98704
942 _2lcc
_cMONOGRAPH
999 _c120074
_d120074